Energetická hodnota a ekonomická efektívnosť biopalív

Odpadová biomasa je alternatívny zdroj energie. Ide o obnoviteľné palivo, ktoré môže zásobovať obyvateľstvo elektrinou a teplom. Má priaznivý dopad na životné prostredie, aj ekonomiku. V budúcnosti môže zohrávať významnú rolu v zabezpečovaní elektrickej energie pre ľudské obydlia. Nakladanie s odpad...

ver descrição completa

Na minha lista:
Detalhes bibliográficos
Autor principal: Stričík, Michal, 1969-
Outros Autores: Štofová, Lenka, 1989-
Formato: Capítulo de Livro
Idioma:eslovaco
Assuntos:
Tags: Adicionar Tag
Sem tags, seja o primeiro a adicionar uma tag!

MARC

LEADER 00000naa a2200000 4500
001 0281935
005 20240502074405.1
041 0 |a slo 
044 |a SK 
245 1 0 |a Energetická hodnota a ekonomická efektívnosť biopalív  |c Michal Stričík, Lenka Štofová 
520 |a Odpadová biomasa je alternatívny zdroj energie. Ide o obnoviteľné palivo, ktoré môže zásobovať obyvateľstvo elektrinou a teplom. Má priaznivý dopad na životné prostredie, aj ekonomiku. V budúcnosti môže zohrávať významnú rolu v zabezpečovaní elektrickej energie pre ľudské obydlia. Nakladanie s odpadovou biomasou v palivovom mixe. Cirkulárna ekonomika vs. lineárna ekonomika. Možnosti spoluspaľovania biomasy a čierneho uhlia. 
610 2 0 |a biomasa 
610 2 0 |a biopalivá 
610 2 0 |a hospodárstvo obehové 
610 2 0 |a hospodárstvo odpadové 
610 2 0 |a odpad 
100 1 |a Stričík, Michal, 1969- 
700 1 |a Štofová, Lenka, 1989-